000 00403nab a2200133Ia 4500
003 ES-SlBCS
005 20210601125233.0
008 140529s1974 xxu||||| |||| 00| 0 eng d
041 _aeng
100 1 _aAldrich, Virgil C.
_9132310
245 0 0 _aSomething Really Unheard Of
_c Virgil C. Aldrich
773 0 _tPhilosophy and Phenomenological Research
_gvol. 34, 1974, págs. 528-538
_wRev1411
942 _cAR
999 _c527010
_d527010